000 01026cam a2200313 i 4500
999 _c3536
_d3536
001 20498943
003 OSt
005 20240220094058.0
008 180516s2019 nyu c 000 1 eng
010 _a 2018016042
020 _a9781481490665
_q(pbk.)
040 _aDLC
_beng
_cDLC
_erda
_dDLC
_dKH8
042 _alcac
_apcc
082 0 0 _aFIC VAU
_223
100 1 _aVaughan, M. M.,
_eauthor.
245 1 0 _aFriendroid /
_cM.M. Vaughan.
250 _aFirst edition.
264 1 _aNew York :
_bMargaret K. McElderry Books,
_c[2019]
300 _a376 pages ;
_c22 cm
336 _atext
_btxt
_2rdacontent
337 _aunmediated
_bn
_2rdamedia
338 _avolume
_bnc
_2rdacarrier
520 _aTold through journal entries, twelve-year-old Danny and his best friend Slick recount how their friendship begins and when they discover Slick's true identity and ultimate fate.
521 1 _aAges 8-12.
650 1 _aRobots
_vFiction.
650 1 _aBest friends
_vFiction.
650 1 _aFriendship
_vFiction.
942 _2ddc
_cFIC